000 01322nam a2200337 c 4500
003 BLK
005 20230622005102.0
008 180408b bul|||||r ||||||| ||bul||
010 _aKNG00062203000
020 _a978-619-150-336-0
_bиздат.: Колибри
040 _aBLK
041 _aBUL
_cBUL
072 7 _2bullib
_aН83
_xЧужда художествена литература Н
080 _aАнглийска литература
_b821.111
_x-31
_z821.111-31
100 1 _aФилдинг, Хелън
_eпърви автор
_9269976
139 _aФилдинг, Хелън
_bФ 49
245 1 0 _aБриджет Джоунс : Луда по онова момче
_bРоман
_cХелън Филдинг; прев. от англ. Надя Баева.
257 _aGBR
260 София
_bКолибри
_c2014
_fСофия : Симолини
300 _a391 с.
_c21 см
380 _aX
500 _aОриг. загл. Bridget Jones mad about the boy / Helen Fielding
659 _aН
700 _aБаева, Надя Димитрова
_9383768
852 _aЦб 269701
856 4 _qpdf
_u
856 4 _qpdf
_u
942 _cKNG
_n0
_06
944 _aCR
_c09.07.2014
_lф /
_kГеновева_Генчева
944 _aED
_c28.06.2016
_lф /
_kПенка_Димитрова
999 _c58173
_d58173